| LEADER |
01103nam0a2200217 450 |
| 001 |
16847890 |
| 010 |
|
|
|a 2-85180-687-4
|b Br.
|d 21,5
|
| 100 |
|
|
|a 20050901d2005 u u0frey01 ba
|
| 101 |
0 |
|
|a fre
|
| 102 |
|
|
|a FR
|
| 200 |
0 |
|
|a Méthode de musculation au féminin
|e 80 exercices sans matériel
|f Olivier Lafay
|g ill. d'Hervé Audouy
|
| 207 |
|
1 |
|a
|
| 210 |
|
|
|a Paris
|c Amphora
|d 2005
|
| 215 |
|
|
|a 160 p.
|c ill. en coul.
|d 26 x 20 cm
|
| 225 |
1 |
|
|a Sports
|
| 330 |
|
|
|a Propose une méthode de musculation conçue pour les femmes, à travers 80 exercices, sans aucun matériel, pour un entraînement progressif et modulable avec des explications accessibles et détaillées. Aborde les principes fondamentaux relatifs à la musculation et à l'alimentation. Les programmes proposés permettent d'éliminer ses graisses excédentaires, de se construire un corps harmonieux...
|
| 700 |
|
0 |
|a Lafay
|b Olivier
|4 70
|
| 702 |
|
0 |
|a Audouy
|b Hervé
|4 440
|
| 900 |
|
|
|a Documentaire
|
| 901 |
|
|
|a Accessible au prêt
|
| 995 |
|
|
|a Bibliothèque
|c Bibliothèque
|f 00156006353833
|h 00156006353833
|k 613.7 LAF
|o p
|q a
|r az
|e Bibliothèque
|